La culpa

Uloženo v:
Podrobná bibliografie
Hlavní autor: Castilla del Pino, Carlos (Autor)
Médium: Kniha
Jazyk:španělština
Vydáno: Madrid Alianza 1973
Edice:Libro de bolsillo Alianza. Seccion Humanidades, 431
Témata:
Tagy: Přidat tag
Žádné tagy, Buďte první, kdo vytvoří štítek k tomuto záznamu!

MARC

LEADER 00000nam a2200000 a 4500
001 UCY1517
003 CL-VaPUC
008 940906e19730000SP |||||||||||||||||spa|d
082 0 4 |a 152.4  |b CAS  |2 21 
100 0 |a Castilla del Pino, Carlos  |e author  |9 329522 
245 1 3 |a La culpa 
300 |a 311 p 
942 |c BK 
945 |d 19940906 00:00:00  |a rbrito 
260 |a Madrid  |b Alianza  |c 1973 
650 7 |a CULPA MORAL  |2 CL-VaPUC  |9 311112 
650 0 |a Conciencia moral  |9 314371 
650 0 |a Vergüenza   |9 329523 
583 |a last modification  |c 19940906 00:00:00  |k Rodrigo Vera 
490 0 |a Libro de bolsillo Alianza. Seccion Humanidades, 431 
999 |c 230197  |d 230195 
952 |0 0  |1 0  |4 0  |6 152_400000000000000_CAS_1973  |7 0  |8 P  |9 232249  |a BIBEDU  |b BIBEDU  |c BIBEDU_PB  |d 2019-11-15  |i 3014614  |o 152.4 CAS 1973  |p 3014614  |r 2024-01-25  |w 2019-11-15  |y BK  |k EDU